<?xml version="1.0" encoding="UTF-8"?>
<collection xmlns="http://www.loc.gov/MARC21/slim">
 <record>
  <leader>00729cam a2200229 7i4500</leader>
  <controlfield tag="001">0000015306</controlfield>
  <controlfield tag="005">20150325090000.0</controlfield>
  <controlfield tag="003">  iicp-my</controlfield>
  <controlfield tag="005">  20140717121600.0</controlfield>
  <controlfield tag="008">140717                       000 0 eng d</controlfield>
  <datafield tag="039" ind1=" " ind2="9">
   <subfield code="y">201407171216</subfield>
   <subfield code="z">diyana</subfield>
  </datafield>
  <datafield tag="090" ind1="0" ind2="0">
   <subfield code="a">499.23152 </subfield>
   <subfield code="b">ISM</subfield>
  </datafield>
  <datafield tag="100" ind1="1" ind2=" ">
   <subfield code="a">Ismail Dahaman </subfield>
  </datafield>
  <datafield tag="245" ind1="0" ind2="0">
   <subfield code="a">Ejaan rumi sepanjang zaman / by Ismail Dahamn..</subfield>
  </datafield>
  <datafield tag="260" ind1=" " ind2=" ">
   <subfield code="a">Kuala Lumpur : Dawama Sdn. Bhd., 2007..</subfield>
  </datafield>
  <datafield tag="300" ind1=" " ind2=" ">
   <subfield code="a">xxv, 448 p. : ill. ; 21 cm..</subfield>
  </datafield>
  <datafield tag="500" ind1=" " ind2=" ">
   <subfield code="a">Includes index.</subfield>
  </datafield>
  <datafield tag="650" ind1=" " ind2="0">
   <subfield code="a">Malay language - Usage. </subfield>
  </datafield>
  <datafield tag="650" ind1=" " ind2="0">
   <subfield code="a">Malay language - Orthography and spelling. </subfield>
  </datafield>
  <datafield tag="650" ind1=" " ind2="0">
   <subfield code="a">Malay language - History and criticism. </subfield>
  </datafield>
  <datafield tag="999" ind1=" " ind2=" ">
   <subfield code="a">1000024458</subfield>
   <subfield code="b">Book</subfield>
   <subfield code="c">Red Spot</subfield>
  </datafield>
  <datafield tag="999" ind1=" " ind2=" ">
   <subfield code="a">1000024459</subfield>
   <subfield code="b">Book</subfield>
   <subfield code="c">Orange Spot</subfield>
  </datafield>
 </record>
</collection>
